Cuentos para reír y temblar : (Registro nro. 8739)

Detalles MARC
000 -LIDER
fixed length control field 00848nam a22002297a 4500
003 - IDENTIFICACDOR DE NÚMERO DE CONTROL
control field DO-SdBNP
005 - DATE AND TIME OF LATEST TRANSACTION
control field 20180119133025.0
008 - ELEMENTOS DE LONGITUD FIJA
fixed length control field 151117b 2006 sp xxu||||| |||| 00| 0 spa d
020 ## - ISBN
International Standard Book Number 2350240525
040 ## - FUENTE DE CATALOGACIÓN
Agencia que crea de manera original el registro BPMSU
Idioma de catalogación spa
Agencia que realiza la transcripción BPMSU
100 1# - ASIENTO PRINCIPAL -- NOMBRE PERSONAL
Nombre personal Barbeau, Philippe
245 10 - MENCIÓN DE TITULO
Título Cuentos para reír y temblar :
Subtítulo siete cuentos para viajar a un mundo lleno de personajes extraños /
Mención de responsabilidad Philippe Barbeau ; traducido por Angeles Testera ; ilustraciones Marie-Geneviève Thoisy.
260 ## - PUBLICACIÓN, DISTRIBUCIÓN, ETC. (PIE DE IMPRENTA)
Lugar de publicación, distribución, etc Étampes :
Nombre del editor, distribuidor, etc. Lire c'est partir,
Fecha de publicación, distribución, etc 2006.
300 ## - DESCRIPCIÓN FÍSICA
Extensión 119 p. :
Otros detalles físicos il. ;
Dimensiones 18 cm.
490 1# - MENCIÓN DE SERIES
Mención de serie Biblioteca didáctica anaya
Volume/sequential designation 4
700 12 - ASIENTO SECUNDARIO -- NOMBRE PERSONAL
Nombre personal Testera, Angeles,
Mención de responsabilidad tr.
700 12 - ASIENTO SECUNDARIO -- NOMBRE PERSONAL
Nombre personal Thoisy, Marie-Geneviéve,
Mención de responsabilidad il.
830 ## - ASIENTO SECUNDARIO DE SERIE--TÍTULO UNIFORME
Título uniforme Biblioteca didáctica anaya ;
Número de la parte o sección de una obra 4
942 ## - ADDED ENTRY ELEMENTS (KOHA)
Source of classification or shelving scheme Dewey Decimal Classification
Koha item type Libros
945 ## - INFORMACIÓN DE PROCESAMIENTO LOCAL
Información de procesamiento local Inventariado, 2018/MFF
956 ## - LOCAL ELECTRONIC LOCATION AND ACCESS (OCLC)
Nombre de host Lorenza Pérez
Número de acceso 10
Existencias
Withdrawn status Lost status Source of classification or shelving scheme Damaged status Not for loan Collection code Home library Current library Date acquired Source of acquisition Total Checkouts Barcode Date last seen Price effective from Koha item type
    Dewey Decimal Classification     Colección General Biblioteca Pública Metropolitana Salomé Ureña Biblioteca Pública Metropolitana Salomé Ureña 11/17/2015 Donación   BPMSU15110302 11/17/2015 11/17/2015 Libros